Θεμελιώδης πανεπιστημιακη φυσική = Fundamental university physics

Αποθηκεύτηκε σε:
Λεπτομέρειες βιβλιογραφικής εγγραφής
Κύριος συγγραφέας: Alonso, Marcelo, 1921-
Άλλοι συγγραφείς: Finn, Edward J.
Μορφή: Βιβλίο
Γλώσσα:Greek
English
Δημοσίευση: [Αθήνα] : [χ.ό], c1979-c1981.
Θέματα:
Ετικέτες: Προσθήκη ετικέτας
Δεν υπάρχουν, Καταχωρήστε ετικέτα πρώτοι!

MARC

LEADER 00000cam a2200000 i 4500
001 1/8486
008 100616m19791981gr | ||| |||| ||gre||
035 |l 10108269 
040 |a GR-MyUa  |b gre  |e AACR2 
041 1 |a gre  |h eng 
082 7 |a 530   |2 (22) 
100 1 |a Alonso, Marcelo,   |d 1921- 
245 1 0 |a Θεμελιώδης πανεπιστημιακη φυσική =   |b Fundamental university physics /   |c [Marcelo] Alonso, [Edward] Finn ; μετάφραση και επιμέλεια Λ.Κ. Ρεσβάνη, Τ.Α. Φίλιππα. 
246 1 |i Παράλληλος τίτλος:   |a Fundamental university physics 
260 |a [Αθήνα] :   |b [χ.ό],   |c c1979-c1981. 
300 |a 2 τ. :   |b εικ. ;   |c 24 εκ. 
500 |a Περιλαμβάνει ευρετήρια. 
505 8 |a Τ. 1. Μηχανική και θερμοδυναμική -- τ. 2. Πεδία και κύματα, (μέρος 2 ηλεκτρομαγνητισμός). 
650 0 |a Physics. 
700 1 |a Finn, Edward J. 
852 |a INST  |b SAMOS  |e 20100616  |h 530 ALO  |p 005300031696  |q 005300031696  |t BK  |y 0  |z τ.1 
852 |a INST  |b SAMOS  |e 20100616  |h 530 ALO  |p 005300031697  |q 005300031697  |t BK  |y 0  |z τ.1 
852 |a INST  |b SAMOS  |e 20100616  |h 530 ALO  |p 005300031698  |q 005300031698  |t BK  |y 0  |z τ.1 
852 |a INST  |b SAMOS  |e 20100616  |h 530 ALO  |p 005300031699  |q 005300031699  |t BK  |y 0  |z τ.1 
852 |a INST  |b SAMOS  |e 20100616  |h 530 ALO  |p 005300031700  |q 005300031700  |t BK  |y 23  |z τ.1 
852 |a INST  |b SAMOS  |e 20141003  |h 530 ALO  |p 005300037045  |q 005300037045  |t BK  |y 0  |z τ.2 
852 |a INST  |b SAMOS  |e 20100616  |h 530 ALO  |p 005300031696  |q 005300031696  |t BK  |v τ.1:  |y 0  |z τ.1 
852 |a INST  |b SAMOS  |e 20100616  |h 530 ALO  |p 005300031697  |q 005300031697  |t BK  |v τ.1:  |y 0  |z τ.1 
852 |a INST  |b SAMOS  |e 20100616  |h 530 ALO  |p 005300031698  |q 005300031698  |t BK  |v τ.1:  |y 0  |z τ.1 
852 |a INST  |b SAMOS  |e 20100616  |h 530 ALO  |p 005300031699  |q 005300031699  |t BK  |v τ.1:  |y 0  |z τ.1 
852 |a INST  |b SAMOS  |e 20100616  |h 530 ALO  |p 005300031700  |q 005300031700  |t BK  |v τ.1:  |y 23  |z τ.1 
852 |a INST  |b SAMOS  |e 20141003  |h 530 ALO  |p 005300037045  |q 005300037045  |t BK  |v τ.2:  |y 0  |z τ.2 
852 |a INST  |b SAMOS  |c EUDOXUS  |e 20120202  |h 530 ALO  |p 005300034033  |q 005300034033  |t EDX  |y 0  |z τ.1 
852 |a INST  |b SAMOS  |c EUDOXUS  |e 20140404  |h 530 ALO  |p 005300036599  |q 005300036599  |t EDX  |y 0  |z τ.1 
852 |a INST  |b SAMOS  |c EUDOXUS  |e 20130524  |h 530 ALO  |p 005300040091  |q 005300040091  |t EDX  |y 0  |z τ.2 
852 |a INST  |b SAMOS  |c EUDOXUS  |e 20130524  |h 530 ALO  |p 005300040092  |q 005300040092  |t EDX  |y 0  |z τ.2 
852 |a INST  |b SAMOS  |c EUDOXUS  |e 20130524  |h 530 ALO  |p 005300040093  |q 005300040093  |t EDX  |y 0  |z τ.2 
852 |a INST  |b SAMOS  |c EUDOXUS  |e 20130524  |h 530 ALO  |p 005300040094  |q 005300040094  |t EDX  |y 0  |z τ.2 
852 |a INST  |b SAMOS  |c EUDOXUS  |e 20130524  |h 530 ALO  |p 005300040095  |q 005300040095  |t EDX  |y 0  |z τ.2 
852 |a INST  |b SAMOS  |c EUDOXUS  |e 20120202  |h 530 ALO  |p 005300034033  |q 005300034033  |t EDX  |v τ.1:  |y 0  |z τ.1 
852 |a INST  |b SAMOS  |c EUDOXUS  |e 20140404  |h 530 ALO  |p 005300036599  |q 005300036599  |t EDX  |v τ.1:  |y 0  |z τ.1 
852 |a INST  |b SAMOS  |c EUDOXUS  |e 20130524  |h 530 ALO  |p 005300040091  |q 005300040091  |t EDX  |v τ.2:  |y 0  |z τ.2 
852 |a INST  |b SAMOS  |c EUDOXUS  |e 20130524  |h 530 ALO  |p 005300040092  |q 005300040092  |t EDX  |v τ.2:  |y 0  |z τ.2 
852 |a INST  |b SAMOS  |c EUDOXUS  |e 20130524  |h 530 ALO  |p 005300040093  |q 005300040093  |t EDX  |v τ.2:  |y 0  |z τ.2 
852 |a INST  |b SAMOS  |c EUDOXUS  |e 20130524  |h 530 ALO  |p 005300040094  |q 005300040094  |t EDX  |v τ.2:  |y 0  |z τ.2 
852 |a INST  |b SAMOS  |c EUDOXUS  |e 20130524  |h 530 ALO  |p 005300040095  |q 005300040095  |t EDX  |v τ.2:  |y 0  |z τ.2 
852 |a INST  |b SYROS  |e 20200108  |h 530 ALO  |p 005500013914  |q 005500013914  |t BK  |v τ.2:  |y 0 
852 |a INST  |b SYROS  |e 20200108  |h 530 ALO  |p 005500013917  |q 005500013917  |t BK  |v τ.1:  |y 0 
853 |a INST  |b SAMOS  |h 530 ALO 
853 |a INST  |b SAMOS  |c EUDOXUS  |h 530 ALO 
853 |a INST  |b SYROS  |h 530 ALO 
901 |a BIBL3-2014-3 
901 |a BIBL3-2014-1 
901 |a BIBL3-2013-2 
901 |a BIBL3-2012-1 
901 |a BIBL3-2010-2 
920 |a Φοιτητής  |y Σάμος  |z 2014-10 
920 |a Εύδοξος  |b Παραγγελία  |y Σάμος-ΤΜΑΘ  |z 2014-04 
920 |a Εύδοξος  |b Παραγγελία  |y Σάμος-ΤΣΑΧΜ  |z 2013-02 
920 |a Εύδοξος  |b Επιστροφή  |y Σάμος  |z 2011-12 
970 |a Σίτζιμη  |b Γιασεμή  |z 16/06/2010